000 00427nam a2200157Ia 4500
005 20250923144534.0
008 008 250917s9999 xx 000 0 eng d
037 _aTextual
040 _aDSWL
_beng
_cDSWL
041 _aeng
_2eng
084 _qDSWL
245 0 _aDugana state statistical table
_cby Punjab State Gazetters
260 _aPunjab
_bGovt Printing Press
_c1936
942 _cTEXL
999 _c1440195
_d1440195